| 000 | 00397 a2200121 4500 | ||
|---|---|---|---|
| 001 | 55030 | ||
| 082 | _a629.13452 ABI / PR-1247 | ||
| 090 |
_c34132 _d34132 |
||
| 100 | _aAbid Mehdi Jaffri | ||
| 245 | _aInviscid analysis of aerodynamic characteristics of high performance fighter aircraft | ||
| 260 |
_aRisalpur _bAerospace Engg Dept, NUST CAE, Risalpur _c2005 |
||
| 500 | _aMS thesis | ||
| 942 |
_aNUST-CAE _k629.13452 ABI / PR-1247 |
||
| 999 |
_c290103 _d290103 |
||